La cultura de la viña en la región del condado (Record no. 132278)

MARC details
000 -LEADER
campo de control de longitud fija 00571nam a2200169 4500
001 - NÚMERO DE CONTROL
campo de control 132278
003 - IDENTIFICADOR DE NÚMERO DE CONTROL
campo de control ES-MaACL
005 - FECHA Y HORA DE LA ÚLTIMA TRANSACCIÓN
campo de control 20230906194137.0
007 - CAMPO FIJO DE DESCRIPCIÓN FÍSICA--INFORMACIÓN GENERAL
campo de control de longitud fija t|
008 - DATOS DE LONGITUD FIJA--INFORMACIÓN GENERAL
campo de control de longitud fija 070214s1966 sp r ||||1| spa d
100 1# - ENTRADA PRINCIPAL--NOMBRE DE PERSONA
Nombre de persona Roldán, Antonio.
9 (RLIN) 99131
245 13 - MENCIÓN DEL TÍTULO
Título La cultura de la viña en la región del condado
Resto del título : contribución léxica a la geografía dialectal /
Mención de responsabilidad, etc. Antonio Roldán.
260 ## - PUBLICACIÓN, DISTRIBUCIÓN, ETC.
Lugar de publicación, distribución, etc. Madrid :
Nombre del editor, distribuidor, etc. Instituto Miguel de Cervantes,
Fecha de publicación, distribución, etc. 1966.
300 ## - DESCRIPCIÓN FÍSICA
Extensión 174 p. ;
Dimensiones 24 cm.
710 2# - ENTRADA AGREGADA--NOMBRE DE ENTIDAD CORPORATIVA
Nombre de entidad corporativa o nombre de jurisdicción como elemento de entrada Instituto "Miguel de Cervantes"
9 (RLIN) 5133
852 ## - LOCALIZACIÓN
Ubicación ES-MaACL
Número de control de estantería C-29184
Sublocalización o colección R.59594
Holdings
Estatus retirado Estado de pérdida Estado de daño No para préstamo Biblioteca de origen Biblioteca actual Ubicación en estantería Fecha de adquisición Fuente de adquisición Total de préstamos Signatura topográfica completa Código de barras Visto por última vez Precio de reemplazo Tipo de ítem Koha
        Biblioteca del Ateneo de Madrid Biblioteca del Ateneo de Madrid Depósito 2 17/01/2008     C-29184 1137715 23/02/2023 23/02/2023 Libro impreso